[Event "Belgrade-chT Quality"]
[Site "Belgrade"]
[Date "2019.10.05"]
[Round "1.8"]
[White "Gemovic, Djordje"]
[Black "Ilic, Goran"]
[Result "1/2-1/2"]
[WhiteElo "1671"]
[BlackElo "2125"]
[PlyCount "20"]
[EventDate "2019.10.05"]
[EventType "team-tourn"]
[EventRounds "11"]
[EventCountry "SRB"]
[SourceTitle "EXT 2022"]
[Source "ChessBase"]
[SourceDate "2021.10.06"]
[SourceVersion "1"]
[SourceVersionDate "2021.10.06"]
[SourceQuality "1"]
[WhiteTeam "Borca"]
[BlackTeam "Cukaricki"]
[WhiteTeamCountry "SRB"]
[BlackTeamCountry "SRB"]

1. d4 Nf6 2. Nf3 d5 3. Bf4 e6 4. h3 g6 5. e3 Bg7 6. Nbd2 b6 7. Be2 Bb7 8. 0-0 0-0 9. c3 c5 10. Qc2 Nbd7 1/2-1/2

[Event "Melbourne Cup Weekend"]
[Site "Melbourne"]
[Date "2013.11.05"]
[Round "8"]
[White "Ilic, Goran"]
[Black "Zelesco, Karl"]
[Result "1-0"]
[WhiteElo "2144"]
[BlackElo "2144"]
[PlyCount "69"]
[EventDate "2013.11.01"]
[EventType "swiss"]
[EventRounds "9"]
[EventCountry "AUS"]
[SourceTitle "EXT 2014"]
[Source "ChessBase"]
[SourceDate "2013.11.20"]
[SourceVersion "1"]
[SourceVersionDate "2013.11.20"]
[SourceQuality "1"]

1. d4 Nf6 2. c4 g6 3. Nc3 d5 4. Nf3 Bg7 5. Qb3 c6 6. cxd5 Nxd5 7. e4 Nxc3 8. bxc3 0-0 9. Ba3 b6 10. Bc4 h6 11. Ne5 Bxe5 12. dxe5 Qc7 13. f4 c5 14. 0-0 e6 15. Rae1 Nc6 16. Bb5 Ne7 17. Bc1 Kh7 18. Qd1 a6 19. Ba4 b5 20. Bc2 Bb7 21. Qg4 Rad8 22. Qh4 Ng8 23. Re3 Qe7 24. Qg4 h5 25. Rh3 Nh6 26. Qe2 f5 27. exf6 Qxf6 28. e5 Qg7 29. Qxh5 Rf5 30. Bxf5 exf5 31. Qg5 Rf8 32. Be3 c4 33. Bd4 Re8 34. e6 Qf8 35. e7 1-0

[Event "SRB-chT3 North"]
[Site "Serbia"]
[Date "2007.09.30"]
[Round "4"]
[White "Gavrilovic, Sasa"]
[Black "Ilic, Goran"]
[Result "1-0"]
[WhiteElo "2066"]
[BlackElo "2153"]
[PlyCount "61"]
[EventDate "2007.09.02"]
[EventType "team"]
[EventRounds "11"]
[EventCountry "SRB"]
[SourceTitle "EXT 2012"]
[Source "ChessBase"]
[SourceDate "2011.11.24"]
[SourceVersion "1"]
[SourceVersionDate "2011.11.24"]
[SourceQuality "1"]
[WhiteTeam "Arandjelovac"]
[BlackTeam "Karadjordje Topola"]
[WhiteTeamCountry "SRB"]
[BlackTeamCountry "SRB"]

1. e4 e5 2. Nf3 Nc6 3. d4 exd4 4. c3 d5 5. exd5 Qxd5 6. cxd4 Bg4 7. Be2 0-0-0 8. Nc3 Bb4 9. 0-0 Bxc3 10. bxc3 Qd6 11. h3 h5 12. Ng5 Bxe2 13. Qxe2 Nh6 14. Ne4 Qe7 15. Qc2 f5 16. Nc5 g5 17. Qa4 Rd6 18. Rb1 b6 19. Qa6+ Kd8 20. Nb7+ Kd7 21. Ba3 Nf7 22. Nxd6 Nxd6 23. Rfe1 Qf6 24. Bxd6 Qxd6 25. Qb5 Kd8 26. Qxf5 Ne7 27. Qf7 Nd5 28. Re5 Nf4 29. Rbe1 Kc8 30. Qf5+ Kb7 31. g3 1-0

[Event "SRB-chT3 North"]
[Site "Serbia"]
[Date "2006.??.??"]
[Round "2"]
[White "Gavrilovic, Sasa"]
[Black "Ilic, Goran"]
[Result "0-1"]
[WhiteElo "2085"]
[BlackElo "2145"]
[PlyCount "91"]
[EventDate "2006.09.10"]
[EventType "team"]
[EventRounds "11"]
[EventCountry "SRB"]
[SourceTitle "EXT 2012"]
[Source "ChessBase"]
[SourceDate "2011.11.24"]
[SourceVersion "1"]
[SourceVersionDate "2011.11.24"]
[SourceQuality "1"]

1. e4 c5 2. Nf3 d6 3. d4 cxd4 4. c3 dxc3 5. Nxc3 e6 6. Bc4 Be7 7. 0-0 Nf6 8. Qe2 a6 9. Rd1 Qc7 10. Bf4 e5 11. Bg5 Be6 12. Bxe6 fxe6 13. Rac1 Nc6 14. Qc4 Kf7 15. Nd5 Qd8 16. Nxe7 Qxe7 17. Bxf6 gxf6 18. Nh4 Kg7 19. Qd3 Rhd8 20. Rc3 Kh8 21. Qh3 Rg8 22. Rg3 Rxg3 23. hxg3 Rg8 24. Nf3 Rd8 25. Nh4 Rg8 26. Nf3 Rd8 27. Nh4 Qf7 28. Nf3 d5 29. Qg4 d4 30. Ne1 f5 31. Qf3 Rf8 32. Nd3 fxe4 33. Qxe4 Qf5 34. Re1 Kg7 35. Nxe5 Qxf2+ 36. Kh2 Nxe5 37. Qxe5+ Qf6 38. Qxe6 Qxe6 39. Rxe6 Rd8 40. Re2 Kf6 41. g4 d3 42. Rd2 Ke5 43. Kg3 Ke4 44. Kf2 Rf8+ 45. Ke1 Ke3 46. b3 0-1

[Event "SRB-chT3 North"]
[Site "Serbia"]
[Date "2006.??.??"]
[Round "1"]
[White "Ilic, Goran"]
[Black "Grujicic, Zoran"]
[Result "1/2-1/2"]
[WhiteElo "2145"]
[BlackElo "2010"]
[PlyCount "31"]
[EventDate "2006.09.10"]
[EventType "team"]
[EventRounds "11"]
[EventCountry "SRB"]
[SourceTitle "EXT 2012"]
[Source "ChessBase"]
[SourceDate "2011.11.24"]
[SourceVersion "1"]
[SourceVersionDate "2011.11.24"]
[SourceQuality "1"]

1. e4 c6 2. Nc3 d5 3. f3 e6 4. g3 Nf6 5. Bg2 Be7 6. d4 Nfd7 7. Qe2 c5 8. f4 Nc6 9. Nf3 Nb6 10. Bd2 a6 11. h3 Qc7 12. 0-0 Bd7 13. a4 0-0 14. Kh2 g6 15. Nd1 Nc8 16. Ne3 1/2-1/2